| 000 | 00587nam a22001577a 4500 | ||
|---|---|---|---|
| 999 |
_c11221 _d11221 |
||
| 008 | 181017b ||||| |||| 00| 0 eng d | ||
| 022 | _a0746-8342 | ||
| 082 | _aDPer 510.5 C697 Jan 2012-Sept 2015 v. 43 & 46, n. 1-4 | ||
| 100 |
_932290 _aKennedy, Garry. |
||
| 245 |
_aThe play's the thing/ _cGary Kennedy and Stephen Kennedy |
||
| 260 |
_aWashington D. C.: _bMathematical Association of America, _c©Jul 2012-Sept 2015. |
||
| 300 |
_av43 n1, pages 70-71: _billustrations; _c28 cm. |
||
| 650 | 0 |
_932291 _aCrossword puzzles. |
|
| 700 |
_932292 _aKennedy, Stephen. _eAuthor |
||
| 942 |
_2ddc _cPER |
||